000 00424nam a22001697a 4500
003 OSt
005 20211123111441.0
008 211123b |||||||| |||| 00| 0 eng d
020 _a81-8147-222-5
040 _cHawassa university
050 _a664/SIN
082 _2Third edition
_a664/SIN
100 _aSingh r paul
_920068
245 _aFood ingineering
260 _aIndia
_bAcademic press
_c2001
942 _2ddc
_cBOOKS
_n0
999 _c19724
_d19724